Quizzes
Events
Quiz Creation
Community
Videos
Private Events
Remove Ads
Sign In
Join for FREE
Feedback
Dark Mode
Quiz Categories
Sports
Geography
Music
Movies
Television
Just For Fun
Miscellaneous
History
Literature
Language
Science
Gaming
Entertainment
Religion
Holiday
For Kids
Quiz Lab
Recent
Popular Today
Quiz Kudos Today
Editor Picks
Curator Picks
Quizzes by...
Day
Popularity
Type
Ratings
Length
Year
Community
Subscriptions
Recent Discussions
Orange Saloon
Badges
Playlists
Quests
Create
Leaderboards
Showdown
Live 5
Trivia Bingo
Activity
Puzzle Library
Sporcle Events
Private Events
Virtual Trivia
Globe League
Become a Host
Pub Owners
SporcleCon
Opinionation
Our Games
Videos
Blog
Mobile Apps
Partnerships
Remove Ads and Go Orange
Feedback
Sports
Athletes
MLB
NBA
NHL
NFL
Soccer
Sports Teams
WWE
NCAA
Football
Premier League
Basketball
Baseball
Hockey
Golf
Tennis
Cricket
Rugby
Auto Racing
Olympics
World Cup
Sports
Athletes
MLB
NBA
NHL
NFL
Soccer
Sports Teams
WWE
NCAA
Football
Premier League
Basketball
Baseball
Hockey
Golf
Tennis
Cricket
Rugby
Auto Racing
Olympics
World Cup
Random Quiz
Search Sporcle
×
Quiz Lab
Quiz Lab
Sports
NBA
Type in answers that appear in a list
Type in answers that appear in a list
Classic
Best Score? Go Orange.
Best NBA Player Ever Each Team Stats
Can you name the Best NBA Player Ever Each Team?
By
17zebulunbraun
6m
30 Questions
629 Plays
629 Plays
629 Plays
Comments
Comments
Give Quiz Kudos
Give Quiz Kudos
-
- Ratings
hide this ad
More Info
Forced Order
Answers have to be entered in order
Answers have to be entered in order
Random Order
Randomize order of answers
Randomize order of answers
Replay
Link that replays current quiz
Next Quiz
Link to next quiz in quiz playlist
You Got
0%
They Got
Avg Score
69%
Avg Friend Score
Upgrade to see
Score Distribution
Jump to the score distribution portion of the page
Score
0/30
Timer
06:00
0
Plays Today
Team
Player
% Correct
Cleveland Cavaliers
Lebron James
87.4%
Chicago Bulls
Micheal Jordan
86.2%
San Antonio Spurs
Tim Duncan
84.3%
Miami Heat
Dwyane Wade
84.1%
Oklahoma City Thunder (SuperSonics)
Kevin Durant
83%
Boston Celtics
Larry Bird
82.8%
Dallas Mavericks
Dirk Nowitzki
81.4%
Los Angeles Lakers
Magic Johnson
80.6%
Minnesota Timberwolves
Kevin Garnett
76.2%
Orlando Magic
Shaquille O'Neal
76%
Utah Jazz
Karl Malone
76%
Houston Rockets
Hakeem Olajuwon
75.8%
Indiana Pacers
Reggie Miller
73.9%
Toronto Raptors
Vince Carter
73%
Detroit Pistons
Isiah Thomas
72.5%
Team
Player
% Correct
Phoenix Suns
Steve Nash
71.7%
Milwaukee Bucks
Kareem Abdul-Jabbar
71.2%
Los Angeles Clippers
Chris Paul
69.8%
Memphis Grizzlies
Pau Gasol
69.5%
Golden State Warriors
Wilt Chamberlain
68%
Portland Trail Blazers
Clyde Drexler
67.1%
Atlanta Hawks
Dominque Wilkins
65.2%
New Orleans Pelicans
Chris Paul
58.5%
Philadelphia 76ers
Allen Iverson
58%
Brooklyn Nets
Jason Kidd
57.7%
New York Knicks
Walt Frazier
50.1%
Denver Nuggets
Alex English
47.7%
Sacramento Kings
Oscar Robertson
47.4%
Washington Wizards
Wes Unseld
41.2%
Charlotte Hornets
Larry Johnson
35.1%
Quiz Playlist
Details
Report
Send in Message
Add To Playlist
More Info:
According to ESPN and Bleacher Report
Classic:
Type in answers that appear in a list
Forced Order:
Answers have to be entered in order
Random Order:
Randomize order of answers
Last Updated: Aug 15, 2017
Quiz Scoreboard
CHALLENGE
Sign Up to Join the Scoreboard
Show All
Scores
Hide
Comments
May contain spoilers
Recently Published
9x9 Crossword: Cartoon Network
by jackfrog10
Miscellaneous
3m
College Basketball Coaching Resumes
by pancakes188
Sports
9m
Billboard Blitz: Fleetwood Mac
by CooCooCachoo
Music
15s
More to Explore
Quiz From the Vault
Featured Blog Post
Where Did the Easter Bunny Come From?
hide this ad
You Might Also Like...
Tags
NBA Quiz
Ever
NBA Player
Player
team
Today's Top Quizzes in Sports
Browse Sports
hide this ad
Today's Top Quizzes in NBA
Browse NBA
Top Contributed Quizzes in Sports
1
2022 World Cup Stars
2
Les meilleurs buteurs des matchs entre le PSG et l’OM
3
FIFA Club World Cup Champions
4
Les entraîneurs de l'OM et du PSG au 21e siècle
5
Criteria MLB: Left Handed Sluggers
6
AFC Teams Reveal (Wrong Answers Minefield)
7
2023 MLB Unique Player Accomplishments
8
Players with Multiple 50 Home Run Seasons
9
5-to-1: FBS Animal Nicknames
10
5-to-1: UK Sports Teams
Explore More
Trending Topics
Harry Potter
Kpop
Marvel
Crossword
NBA
Anime
Disney
Soccer
Puzzle
The Office
WWE
NFL
Song
Country
Pokémon
hide this ad
More By:
17zebulunbraun
Quiz
Plays
Rating
Category
Featured
Created
Best NBA Player Ever Each Team
629
2.50
Sports
Apr 29, 2016
NBA Team's Best PG Ever
546
1.57
Sports
Apr 28, 2016
NBA Players By Draft Picture
203
2.75
Sports
Apr 22, 2016
NBA Players 25 ppg 4+ seasons
187
5.00
Sports
Apr 27, 2016
NBA MVPs
180
3.40
Sports
May 3, 2016
Go to Creator's Profile
Score Distribution
Quiz Creator Spotlight
17zebulunbraun
Follow
Send a Message
Quizzes Created
-
Created Quiz Play Count
-
More By This Creator
Popular Quizzes Today
1
Find the US States - No Outlines Minefield
2
Find the Countries of Europe - No Outlines Minefield
3
The Countries of the World
4
Find the US States
5
Risky Map Clicking: Biggest States A-Z
6
US States
7
Popular People in 1961
8
Movies - When Are They Set?
More Sports Quizzes
MLB Team Home Run Leaders 2010-2019
Published
Trending Quizzes
Risky Map Clicking: Least Populous States A-Z
1-10 Letter G Words
1-10 Letter F Words
Risky Map Clicking: Next State Alphabetically
Adjectives in 80s TV Shows
Recently Updated
Leaping Animals
pecheneg
Reality TV Shows (A-Z)
bhenderson79
Rickey Henderson's Hall of Fame Teammates
pecheneg
Champions League XIs: Arsenal
pecheneg
Quick Pick: Celebrities in WWE's Hall of Fame
aduchscher
A-Z Keypad Blitz II
pecheneg
Multiple Oscar Actors
pecheneg
Mystery Phrase Blitz: Oscar 'Best Actors'
pecheneg
F. Scott Fitzgerald Novels
LTH
Pick 3 Villains
ddd62291
Trending Topics
Harry Potter
Disney
NBA
Marvel
Crossword
Anime
Kpop
Pokémon
Country
The Office
Song
Soccer
Puzzle
WWE
NFL
Your Account Isn't Verified!
In order to create a playlist on Sporcle, you need to verify the email address you used during registration. Go to your
Sporcle Settings
to finish the process.
Report this User
Report this user for behavior that violates our
Community Guidelines
.
Details:
Send Report
Go to the Sporcle.com Mobile Site →
Comments